Dewey decimal classification and relative index - Vol-1 to Vol-4 (Record no. 60431)

000 -LEADER
fixed length control field 02046cam a22004694a 4500
001 - CONTROL NUMBER
control field 16612706
003 - CONTROL NUMBER IDENTIFIER
control field NUST-PNEC
005 - DATE AND TIME OF LATEST TRANSACTION
control field 20170116180657.0
008 - FIXED-LENGTH DATA ELEMENTS--GENERAL INFORMATION
fixed length control field 110114s2011 ohu b 001 0 eng
010 ## - LIBRARY OF CONGRESS CONTROL NUMBER
LC control number 2011001112
020 ## - INTERNATIONAL STANDARD BOOK NUMBER
International Standard Book Number 9781910608814 (set : alk. paper)
020 ## - INTERNATIONAL STANDARD BOOK NUMBER
International Standard Book Number 1910608815 (set : alk. paper)
020 ## - INTERNATIONAL STANDARD BOOK NUMBER
International Standard Book Number 9781910608807 (vol. 1 : alk. paper)
020 ## - INTERNATIONAL STANDARD BOOK NUMBER
International Standard Book Number 1910608807 (vol. 1 : alk. paper)
020 ## - INTERNATIONAL STANDARD BOOK NUMBER
International Standard Book Number 9781910608760 (vol. 2 : alk. paper)
020 ## - INTERNATIONAL STANDARD BOOK NUMBER
International Standard Book Number 1910608769 (vol. 2 : alk. paper)
020 ## - INTERNATIONAL STANDARD BOOK NUMBER
International Standard Book Number 9781910608791 (vol. 3 : alk. paper)
020 ## - INTERNATIONAL STANDARD BOOK NUMBER
International Standard Book Number 1910608793 (vol. 3 : alk. paper)
020 ## - INTERNATIONAL STANDARD BOOK NUMBER
International Standard Book Number 9781910608784 (vol. 4 : alk. paper)
020 ## - INTERNATIONAL STANDARD BOOK NUMBER
International Standard Book Number 1910608785 (vol. 4 : alk. paper)
040 ## - CATALOGING SOURCE
Original cataloging agency DLC
Transcribing agency PNEC
Modifying agency DLC
042 ## - AUTHENTICATION CODE
Authentication code pcc
050 00 - LIBRARY OF CONGRESS CALL NUMBER
Classification number Z696
Item number .D52 2011
082 00 - DEWEY DECIMAL CLASSIFICATION NUMBER
Classification number 025.431 DEW
100 1# - MAIN ENTRY--PERSONAL NAME
Personal name Dewey, Melvil,
Dates associated with a name 1851-1931.
245 10 - TITLE STATEMENT
Title Dewey decimal classification and relative index - Vol-1 to Vol-4
Statement of responsibility, etc. devised by Melvil Dewey.
250 ## - EDITION STATEMENT
Edition statement Ed. 23 /
Remainder of edition statement edited by Joan S. Mitchell, Editor in Chief ; Julianne Beall, Assistant Editor ; Rebecca Green, Assistant Editor ; Giles Martin, Assistant Editor ; Michael Panzer, Assistant Editor.
260 ## - PUBLICATION, DISTRIBUTION, ETC.
Place of publication, distribution, etc. Dublin, Ohio :
Name of publisher, distributor, etc. OCLC Online Computer Library Center, Inc.,
Date of publication, distribution, etc. 2011.
300 ## - PHYSICAL DESCRIPTION
Extent 4 v. ;
Dimensions 25 cm.
500 ## - GENERAL NOTE
General note http://www.amazon.com/Dewey-Decimal-Classification-Editor-Mitchell/dp/1910608807/ref=sr_1_1?s=books&ie=UTF8&qid=1409749585&sr=1-1&keywords=1910608807
504 ## - BIBLIOGRAPHY, ETC. NOTE
Bibliography, etc. note Includes bibliographical references and index.
505 0# - FORMATTED CONTENTS NOTE
Formatted contents note v. 1. Manual. Tables -- v. 2. Schedules 000-599 -- v. 3. Schedules 600-999 -- v. 4. Relative index.
650 #0 - SUBJECT ADDED ENTRY--TOPICAL TERM
Topical term or geographic name entry element Classification, Dewey decimal.
General subdivision Classification, Dewey decimal.
700 1# - ADDED ENTRY--PERSONAL NAME
Personal name Mitchell, Joan S.
700 1# - ADDED ENTRY--PERSONAL NAME
Personal name Beall, Julianne,
Dates associated with a name 1946-
700 1# - ADDED ENTRY--PERSONAL NAME
Personal name Green, Rebecca,
Dates associated with a name 1952-
700 1# - ADDED ENTRY--PERSONAL NAME
Personal name Martin, Giles.
700 1# - ADDED ENTRY--PERSONAL NAME
Personal name Panzer, Michael,
Dates associated with a name 1974-
906 ## - LOCAL DATA ELEMENT F, LDF (RLIN)
a 7
b cbc
c orignew
d 1
e ecip
f 20
g y-gencatlg
942 ## - ADDED ENTRY ELEMENTS (KOHA)
Source of classification or shelving scheme
Koha item type Book
Holdings
Withdrawn status Lost status Source of classification or shelving scheme Damaged status Not for loan Permanent Location Current Location Date acquired Source of acquisition Cost, normal purchase price Total Checkouts Full call number Barcode Date last seen Cost, replacement price Price effective from Koha item type
          Pakistan Navy Engineering College (PNEC) Pakistan Navy Engineering College (PNEC) 03/02/2013 Progressive International Agency 47353.00   025.431 DEW PNECLIB-031161 09/03/2014 47353.00 03/02/2013 Book
          Pakistan Navy Engineering College (PNEC) Pakistan Navy Engineering College (PNEC) 03/02/2013 Progressive International Agency 47353.00   025.431 DEW PNECLIB-031162 09/03/2014 47353.00 03/02/2013 Book
          Pakistan Navy Engineering College (PNEC) Pakistan Navy Engineering College (PNEC) 03/02/2013 Progressive International Agency 47353.00   025.431 DEW PNECLIB-031163 09/03/2014 47353.00 03/02/2013 Book
          Pakistan Navy Engineering College (PNEC) Pakistan Navy Engineering College (PNEC) 03/02/2013 Progressive International Agency 47353.00   025.431 DEW PNECLIB-031164 09/03/2014 47353.00 03/02/2013 Book
© 2023 Central Library, National University of Sciences and Technology. All Rights Reserved.